LEADER 00847nam a2200241 i 4500 001 000000177707 003 CaOOAMICUS 005 20090219000000.0 008 090219s1965 it u000 u ita u 013 $a155275 040 $aSeMil$bita 245 10$aLibri 3.-6. 300 $aXIX, 379 p. 490 0 $aProsatori di Roma 500 $aFondo Ciprandi. 700 1 $aCurtius Rufus, Quintus,$d<2.-3. sec.>.$0(OLS)http://semarc/name/1447 773 0 $aCurtius Rufus, Quintus <2.-3. sec.>$tStoria di Alessandro Magno.$dBologna : Zanichelli, 1965.$w()20740 830 0$aProsatori di Roma.$0(OLS)http://semarc/title/5869 850 $aSeMil 852 $aSeMil$W1$xVenegono$y1$m1Z II 246$j128512$B128512$CSeMilBibl$Z2$F139392 $81 941 1 $a1 961 $aOmaggio: Ciprandi dott. Paolo 996 $6245$aLibri 3.-6$9(OLS)http://semarc/title/255240 LEADER 01420nam a2200301 4500 001 000000345750 003 CaOOAMICUS 005 20250723124321.0 008 210504s2010 it a 000 u ita r 020 $a978-88-8450-383-1 040 $aSeMil$bita 041 1 $aita$alat 100 1 $aPico della Mirandola, Giovanni,$d<1463-1494>.$0(OLS)http://semarc/name/90074 240 10$aApologia.$0(OLS)http://semarc/title/119628 245 10$aApologia :$bl'autodifesa di Pico di fronte al tribunale dell'Inquisizione /$cGiovanni Pico della Mirandola ; a cura di Paolo Edoardo Fornaciari. 264 1$aFirenze :$bSISMEL Edizioni del Galluzzo,$c2010. 300 $aCV, 470 p., [6] carte di tav. :$bfacs. ;$c24 cm 490 1 $a Per verba ;$v26 504 $aBibliografia, p. [XIC]-CII 546 $aTesto latino e traduzione italiana a fronte 700 1 $aFornaciari, Paolo Edoardo.$0(OLS)http://semarc/name/113762 830 0$aPer verba ;$v26.$0(OLS)http://semarc/title/433665 850 $aSeMil 852 $aSeMil$W1$xVenegono$y1$m2WA H 26$j251476$B236807$CSeMilBibl$Z2$F236807 $81 996 $6020$a978-88-8450-383-1$9(OLS)http://semarc/number/293068 996 $6245$aApologia :$bl'autodifesa di Pico di fronte al tribunale dell'Inquisizione$9(OLS)http://semarc/title/434909 996 $6264$aFirenze :$bSISMEL Edizioni del Galluzzo$9(OLS)http://semarc/publisher/31909